[Event "Titled Tue 17th Jun Late"]
[Site "chess.com INT"]
[Date "2025.06.17"]
[Round "3"]
[White "Janaszak, Dawid"]
[Black "Garcia Hernandez, Rebeca"]
[Result "1-0"]
[WhiteTitle "FM"]
[BlackTitle "WCM"]
[WhiteElo "2306"]
[BlackElo "1904"]
[WhiteFideId "1119206"]
[BlackFideId "5180872"]
[EventDate "2025.06.17"]

1. f4 Nf6 2. Nf3 g6 3. b3 Bg7 4. Bb2 d5 5. d3 c5 6. Nbd2 O-O 7. e4 d4 8. h3 Nc6
9. g4 Qc7 10. Bg2 Qxf4 11. O-O Qc7 12. Qe1 b6 13. Qh4 Bb7 14. Rae1 Ne5 15. Nxe5
Qxe5 16. Nf3 Qc7 17. Bc1 h5 18. e5 hxg4 19. exf6 gxf3 20. fxg7 fxg2 21. Qh8# 1-0

[Event "Titled Tue 17th Jun Late"]
[Site "chess.com INT"]
[Date "2025.06.17"]
[Round "3"]
[White "Perez Rojas, Jorge"]
[Black "Tao, Sihan"]
[Result "0-1"]
[WhiteTitle "FM"]
[BlackTitle "FM"]
[WhiteElo "2100"]
[BlackElo "2202"]
[WhiteFideId "3452093"]
[BlackFideId "30982677"]
[EventDate "2025.06.17"]

1. e4 Nc6 2. Nc3 e6 3. d4 Bb4 4. Ne2 d5 5. a3 Bxc3+ 6. Nxc3 dxe4 7. Bb5 Nf6 8.
Bg5 h6 9. Bxf6 Qxf6 10. Nxe4 Qg6 11. Ng3 O-O 12. O-O Rd8 13. c3 e5 14. d5 Ne7
15. c4 c6 16. Ba4 cxd5 17. Re1 Be6 18. cxd5 Rxd5 19. Qf3 Rad8 20. Re3 Qg4 21.
Qxg4 Bxg4 22. Bb3 Rd3 23. Rxe5 Rxb3 24. Rxe7 Rxb2 25. h3 Be6 26. Rc1 Kf8 27.
Rcc7 Rd1+ 28. Nf1 Rbb1 0-1

[Event "Titled Tue 17th Jun Late"]
[Site "chess.com INT"]
[Date "2025.06.17"]
[Round "3"]
[White "Yin, Evan"]
[Black "Lazavik, Denis"]
[Result "0-1"]
[BlackTitle "GM"]
[WhiteElo "2142"]
[BlackElo "2580"]
[WhiteFideId "30953111"]
[BlackFideId "13515110"]
[EventDate "2025.06.17"]

1. Nf3 Nf6 2. g3 g6 3. Bg2 Bg7 4. O-O O-O 5. d4 d6 6. c4 c6 7. b3 Bf5 8. Bb2
Nbd7 9. Nbd2 d5 10. Re1 Re8 11. Nh4 e6 12. Nxf5 exf5 13. Rc1 Ne4 14. Nf3 Bf8 15.
Ne5 Bd6 16. Nd3 Ndf6 17. f3 Ng5 18. Qd2 Ne6 19. e4 fxe4 20. fxe4 dxe4 21. Bxe4
Nxd4 22. Qf2 c5 23. Bxb7 Rb8 24. Bg2 Ng4 25. Qf3 Nxf3+ 0-1

[Event "Titled Tue 17th Jun Late"]
[Site "chess.com INT"]
[Date "2025.06.17"]
[Round "3"]
[White "Guerra Mendez, Jose Angel"]
[Black "Brancaleoni, Maurizio"]
[Result "1/2-1/2"]
[WhiteTitle "GM"]
[BlackTitle "FM"]
[WhiteElo "2478"]
[BlackElo "2185"]
[WhiteFideId "3508129"]
[BlackFideId "803022"]
[EventDate "2025.06.17"]

1. e4 c6 2. d4 d5 3. Nc3 dxe4 4. Nxe4 Nf6 5. Nxf6+ exf6 6. Bc4 Bd6 7. Qe2+ Qe7
8. Qxe7+ Kxe7 9. Ne2 Be6 10. Bd3 Na6 11. Bxa6 bxa6 12. Bf4 Rhd8 13. Bxd6+ Rxd6
14. O-O-O Rad8 15. Rhe1 Kf8 16. b3 Bg4 17. f3 Bc8 18. c4 a5 19. Kc2 Ba6 20. a4
Re6 21. Kd3 Rde8 22. Kd2 Rd8 23. Rc1 f5 24. Rc3 Rde8 25. Rcc1 Rd8 26. Kd3 Rde8
27. Kd2 Rd8 1/2-1/2

[Event "Titled Tue 17th Jun Late"]
[Site "chess.com INT"]
[Date "2025.06.17"]
[Round "3"]
[White "Bokros, Albert"]
[Black "Chocenka, Dmitrijus"]
[Result "0-1"]
[WhiteTitle "IM"]
[BlackTitle "FM"]
[WhiteElo "2382"]
[BlackElo "2314"]
[WhiteFideId "710458"]
[BlackFideId "12802336"]
[EventDate "2025.06.17"]

1. e4 c5 2. Nf3 Nc6 3. Bb5 g6 4. Bxc6 dxc6 5. d3 Bg7 6. h3 e5 7. Be3 b6 8. Nc3
Qe7 9. O-O Nf6 10. Qd2 O-O 11. Bh6 Nh5 12. Bxg7 Kxg7 13. Ne2 h6 14. Nh2 g5 15.
c3 Nf4 16. Nxf4 gxf4 17. d4 f6 18. Rad1 Kh7 19. Nf3 Rg8 20. Kh2 Qe6 21. Rg1
Rxg2+ 22. Rxg2 Qxh3+ 23. Kg1 Qxf3 24. dxe5 Bh3 25. Rh2 Rg8+ 0-1

[Event "Titled Tue 17th Jun Late"]
[Site "chess.com INT"]
[Date "2025.06.17"]
[Round "3"]
[White "Fathy, Elameir"]
[Black "Liu, Xiangyi"]
[Result "0-1"]
[WhiteTitle "FM"]
[BlackTitle "IM"]
[WhiteElo "2300"]
[BlackElo "2370"]
[WhiteFideId "10600396"]
[BlackFideId "8605718"]
[EventDate "2025.06.17"]

1. d4 Nf6 2. Bg5 Ne4 3. Bf4 d5 4. Nd2 Nf6 5. e3 e6 6. Bd3 Bd6 7. Ngf3 O-O 8. O-O
c5 9. c3 Nc6 10. Bg3 h6 11. Ne5 cxd4 12. exd4 Ne7 13. f4 Nf5 14. Ndf3 Ne3 15.
Qe2 Nxf1 16. Rxf1 b6 17. Bh4 Bb7 18. Bxf6 Qxf6 19. Nd7 Qxf4 20. Nfe5 Qg5 21.
Nxf8 Rxf8 22. Rf3 Bxe5 23. dxe5 d4 24. Be4 Bxe4 25. Qxe4 Qc1+ 26. Rf1 Qxb2 27.
cxd4 Qxa2 28. h3 Qd5 29. Qf4 a5 30. Rf3 a4 31. Rg3 Kh8 32. Qg4 g6 33. Qf4 Kh7
34. Kh2 b5 35. Qf6 Qxd4 36. Rxg6 fxg6 37. Qxf8 Qxe5+ 38. Kg1 Qe1+ 39. Kh2 Qe5+
40. Kh1 Qg7 41. Qb4 h5 42. Qxb5 a3 43. Qc4 Qa7 44. Qa2 e5 45. g3 Qb7+ 46. Kg1
Qb6+ 47. Kh1 Qc6+ 48. Kg1 Qc5+ 49. Kh1 Qc1+ 50. Kg2 Qb2+ 0-1

[Event "Titled Tue 17th Jun Late"]
[Site "chess.com INT"]
[Date "2025.06.17"]
[Round "3"]
[White "Ragger, Markus"]
[Black "Leenhouts, Koen"]
[Result "1-0"]
[WhiteTitle "GM"]
[BlackTitle "GM"]
[WhiteElo "2566"]
[BlackElo "2476"]
[WhiteFideId "1610856"]
[BlackFideId "1008439"]
[EventDate "2025.06.17"]

1. d4 Nf6 2. c4 e6 3. Nf3 d5 4. g3 c5 5. Bg2 dxc4 6. O-O Nc6 7. dxc5 Qxd1 8.
Rxd1 Bxc5 9. Nbd2 c3 10. bxc3 O-O 11. Nb3 Be7 12. Bb2 Bd7 13. c4 Rfd8 14. Nfd4
Nxd4 15. Bxd4 Rac8 16. Bxa7 Rxc4 17. Bxb7 Rc2 18. Bf3 Rdc8 19. a4 e5 20. a5 e4
21. Bxe4 Be6 22. Bxc2 1-0

[Event "Titled Tue 17th Jun Late"]
[Site "chess.com INT"]
[Date "2025.06.17"]
[Round "3"]
[White "Sargsyan, Shant"]
[Black "Risteski, Emil"]
[Result "1-0"]
[WhiteTitle "GM"]
[BlackTitle "IM"]
[WhiteElo "2669"]
[BlackElo "2374"]
[WhiteFideId "13306766"]
[BlackFideId "15005267"]
[EventDate "2025.06.17"]

1. c4 e5 2. g3 Nc6 3. Bg2 Bc5 4. Nc3 d6 5. e3 a6 6. Nge2 Ba7 7. a3 h5 8. h3 h4
9. g4 f5 10. gxf5 Bxf5 11. b4 Qd7 12. b5 axb5 13. cxb5 Nd8 14. d4 exd4 15. Nxd4
Bg6 16. Bb2 Nf6 17. a4 O-O 18. a5 Bc5 19. a6 Rb8 20. axb7 Rxb7 21. Bxb7 Nxb7 22.
Rg1 Bh7 23. Qb3+ Kh8 24. Qe6 Bxd4 25. Qxd7 Bxc3+ 26. Bxc3 Nxd7 27. Rxg7 Nf6 28.
Rxc7 Nc5 29. b6 Ne4 30. Bxf6+ Nxf6 31. b7 Bf5 32. Ra8 1-0

[Event "Titled Tue 17th Jun Late"]
[Site "chess.com INT"]
[Date "2025.06.17"]
[Round "3"]
[White "Yedidia, Daniel"]
[Black "Maghsoodloo, Parham"]
[Result "0-1"]
[BlackTitle "GM"]
[WhiteElo "2079"]
[BlackElo "2691"]
[WhiteFideId "30905907"]
[BlackFideId "12539929"]
[EventDate "2025.06.17"]

1. d4 Nf6 2. c4 e6 3. Nc3 Bb4 4. e3 O-O 5. Bd3 d5 6. Nf3 Re8 7. O-O b6 8. Ne5
Ba6 9. cxd5 exd5 10. Bxa6 Nxa6 11. Qa4 Qc8 12. Bd2 Re6 13. Rac1 Qb7 14. Rfd1 Bd6
15. Ne2 b5 16. Qc2 c5 17. Nf4 Re7 18. Qf5 c4 19. g4 Nc7 20. f3 Rae8 21. g5 Bxe5
22. dxe5 Rxe5 23. Qh3 Rxg5+ 24. Kh1 h6 25. Rg1 Ne6 26. Bc3 d4 27. Bxd4 Nxd4 28.
exd4 Re3 29. d5 Nxd5 0-1

[Event "Titled Tue 17th Jun Late"]
[Site "chess.com INT"]
[Date "2025.06.17"]
[Round "3"]
[White "Menahem, Adi"]
[Black "Nedelcu, Teodor-Cosmin"]
[Result "0-1"]
[WhiteTitle "CM"]
[BlackTitle "FM"]
[WhiteElo "2272"]
[BlackElo "2281"]
[WhiteFideId "2847027"]
[BlackFideId "1246305"]
[EventDate "2025.06.17"]

1. c4 c5 2. Nc3 Nf6 3. g3 Nc6 4. Bg2 e6 5. e4 g6 6. d3 Bg7 7. Nge2 O-O 8. O-O h6
9. f4 Kh7 10. h3 d6 11. Kh2 Bd7 12. g4 Qe7 13. Ng3 Nd4 14. Be3 Ng8 15. f5 exf5
16. Nd5 Qh4 17. gxf5 Be5 18. Bf4 Bc6 19. Bxe5 dxe5 20. Qd2 Bxd5 21. exd5 Nf6 22.
Ne4 Nh5 23. f6 Nf4 24. Rf2 g5 25. Raf1 Rg8 26. Ng3 Nxg2 27. Rxg2 g4 28. Qf2
Qxh3+ 29. Kg1 Nf3+ 0-1

[Event "Titled Tue 17th Jun Late"]
[Site "chess.com INT"]
[Date "2025.06.17"]
[Round "3"]
[White "Petrus, Adrian"]
[Black "Pribelszky, Bence"]
[Result "1-0"]
[WhiteTitle "CM"]
[BlackTitle "IM"]
[WhiteElo "2203"]
[BlackElo "2396"]
[WhiteFideId "14573652"]
[BlackFideId "769738"]
[EventDate "2025.06.17"]

1. e4 d6 2. d4 e5 3. dxe5 dxe5 4. Qxd8+ Kxd8 5. Nf3 Bd6 6. Bc4 Ke7 7. Nc3 c6 8.
Be3 b5 9. Bb3 a5 10. a4 b4 11. Nb1 Ba6 12. Nbd2 Nd7 13. Bc4 Ngf6 14. Ng5 Bxc4
15. Nxc4 Bc7 16. f3 Ne8 17. O-O-O f6 18. Nh3 Nd6 19. Nxd6 Bxd6 20. Rd3 Rhd8 21.
Rhd1 Bc7 22. Nf2 Nb6 23. Bxb6 Bxb6 24. Rxd8 Rxd8 25. Rxd8 Kxd8 26. Nd3 Kd7 27.
Kd2 Kd6 28. b3 g6 29. Nb2 Bc7 30. Kd3 f5 31. Nc4+ Kc5 32. Ne3 f4 33. Ng4 Kd6 34.
Nf6 Ke6 35. Nxh7 Bd8 36. Nf8+ Kf7 37. Nd7 Ke6 38. Nc5+ Kd6 39. Nb7+ Kc7 40. Nxd8
Kxd8 41. Kc4 Kd7 42. Kc5 Kc7 43. g3 g5 44. gxf4 gxf4 45. h4 Kd7 46. h5 Ke6 47.
Kxc6 Kf6 48. Kd5 Kg5 49. Kxe5 Kxh5 50. Kxf4 Kg6 51. Ke3 Kf7 52. Kd4 Ke7 53. f4
Ke8 54. f5 Kd8 55. e5 Kd7 56. Kc5 Kc7 57. Kb5 Kd7 58. Kxa5 Kc8 59. Kxb4 Kb7 60.
Kc5 Kb8 61. Kc6 Ka7 62. c4 Kb8 63. b4 Ka7 64. a5 Kb8 65. b5 Ka7 66. c5 Kb8 67.
Kd7 Ka7 68. Kd8 Kb8 69. e6 Ka7 70. f6 Kb8 71. f7 Ka7 1-0

[Event "Titled Tue 17th Jun Late"]
[Site "chess.com INT"]
[Date "2025.06.17"]
[Round "3"]
[White "Avramidou, Anastasia"]
[Black "Svane, Rasmus"]
[Result "0-1"]
[WhiteTitle "FM"]
[BlackTitle "GM"]
[WhiteElo "2294"]
[BlackElo "2626"]
[WhiteFideId "4239873"]
[BlackFideId "4657101"]
[EventDate "2025.06.17"]

1. d4 d5 2. c4 e6 3. Nc3 a6 4. cxd5 exd5 5. Nf3 Nf6 6. Bg5 Be6 7. e3 Nbd7 8. Bd3
Bd6 9. Qc2 c6 10. O-O-O Qc7 11. Kb1 h6 12. Bh4 O-O-O 13. Rc1 g5 14. Bg3 Kb8 15.
Qb3 Ka7 16. Nb5+ axb5 17. Bxb5 Bxg3 18. hxg3 Qb6 19. Qa4+ Kb8 20. Bxc6 bxc6 21.
Rxc6 Qb7 22. Rhc1 Rc8 23. R6c3 Nb6 24. Qa3 Nc4 0-1

[Event "Titled Tue 17th Jun Late"]
[Site "chess.com INT"]
[Date "2025.06.17"]
[Round "3"]
[White "Yilmaz, Mustafa"]
[Black "Gubajdullin, Alexei"]
[Result "1-0"]
[WhiteTitle "GM"]
[BlackTitle "FM"]
[WhiteElo "2586"]
[BlackElo "2233"]
[WhiteFideId "6302718"]
[BlackFideId "4141202"]
[EventDate "2025.06.17"]

1. e4 c5 2. Nc3 g6 3. Nf3 Bg7 4. d4 cxd4 5. Nxd4 d6 6. Be3 Nf6 7. f3 h5 8. Bc4
a6 9. a4 b6 10. O-O Bb7 11. Ba2 Nbd7 12. Kh1 h4 13. Qd2 h3 14. g4 Ne5 15. g5
Nxf3 16. gxf6 Nxd2 17. fxg7 Rg8 18. Bxf7+ Kd7 19. Be6+ Kc7 20. Nd5+ Kb8 21. Bxg8
Ka7 22. Nb5+ axb5 23. Bxb6+ Qxb6 24. axb5+ Ba6 25. Nxb6 Rxg8 26. Rxa6+ Kb7 27.
Rf7 1-0

[Event "Titled Tue 17th Jun Late"]
[Site "chess.com INT"]
[Date "2025.06.17"]
[Round "3"]
[White "Rodriguez, Santiago"]
[Black "Gustafsson, Jan"]
[Result "0-1"]
[WhiteTitle "CM"]
[BlackTitle "GM"]
[WhiteElo "2252"]
[BlackElo "2591"]
[WhiteFideId "3000591"]
[BlackFideId "4625498"]
[EventDate "2025.06.17"]

1. d4 d5 2. Bf4 c5 3. e3 Nc6 4. c3 e6 5. Nd2 Bd6 6. Bg3 Nge7 7. Bd3 e5 8. dxc5
Bxc5 9. e4 d4 10. cxd4 Qxd4 11. Nb3 Bb4+ 12. Kf1 Qxb2 13. Nf3 O-O 14. Rb1 Qa3
15. Nxe5 Nxe5 16. Bxe5 Rd8 17. Qe2 Nc6 18. Ba1 Be6 19. h4 Rac8 20. h5 h6 21. e5
Bf8 22. Qe4 Rxd3 23. Qxd3 Qxa2 24. Kg1 Rd8 25. Nd4 Nxd4 26. Bxd4 Rxd4 0-1

[Event "Titled Tue 17th Jun Late"]
[Site "chess.com INT"]
[Date "2025.06.17"]
[Round "3"]
[White "Distaso, Antonio Pio"]
[Black "Ozates, Tuna"]
[Result "1-0"]
[BlackTitle "FM"]
[WhiteElo "2253"]
[BlackElo "2217"]
[WhiteFideId "805548"]
[BlackFideId "6354521"]
[EventDate "2025.06.17"]

1. e4 c5 2. Nf3 Nc6 3. d4 cxd4 4. Nxd4 Nf6 5. Nc3 e6 6. Ndb5 Bb4 7. a3 Bxc3+ 8.
Nxc3 d5 9. exd5 exd5 10. Bd3 O-O 11. O-O Bg4 12. f3 Bh5 13. Bg5 Bg6 14. Bxf6
Qxf6 15. Bxg6 hxg6 16. Qxd5 Rad8 17. Qc5 Rd2 18. Rf2 Rfd8 19. Raf1 b6 20. Qe3
Rxf2 21. Rxf2 Ne5 22. Rd2 Nc4 23. Ne4 Qe7 24. Rxd8+ Qxd8 25. Qc3 Qd1+ 26. Kf2 b5
27. b3 Nxa3 28. Qc8+ Kh7 29. Ng5+ Kh6 30. Nxf7+ 1-0

[Event "Titled Tue 17th Jun Late"]
[Site "chess.com INT"]
[Date "2025.06.17"]
[Round "3"]
[White "Li, Xueyi"]
[Black "Suvradeepta, Das"]
[Result "0-1"]
[WhiteTitle "WGM"]
[BlackTitle "FM"]
[WhiteElo "2220"]
[BlackElo "2230"]
[WhiteFideId "8605912"]
[BlackFideId "5058031"]
[EventDate "2025.06.17"]

1. d4 Nf6 2. c4 e6 3. g3 Ne4 4. Bg2 f5 5. Nf3 d5 6. O-O c6 7. Nc3 Bd6 8. Nd2 O-O
9. Ncxe4 fxe4 10. Re1 Qf6 11. f3 Qxd4+ 12. Kh1 e3 13. Nf1 Qxc4 14. Qd3 Qb4 15.
Bxe3 Qxb2 16. Rad1 Qxa2 0-1

[Event "Titled Tue 17th Jun Late"]
[Site "chess.com INT"]
[Date "2025.06.17"]
[Round "3"]
[White "Kjaergaard-Jensen, Jesper"]
[Black "Craciun, Sasha-Matei"]
[Result "1-0"]
[WhiteTitle "CM"]
[BlackTitle "FM"]
[WhiteElo "2081"]
[BlackElo "2320"]
[WhiteFideId "1406990"]
[BlackFideId "1281186"]
[EventDate "2025.06.17"]

1. d4 Nf6 2. Nf3 e6 3. Bg5 d5 4. Nbd2 b6 5. e4 dxe4 6. Nxe4 Nbd7 7. Bb5 Bb7 8.
Ne5 Bxe4 9. Bxd7+ Ke7 10. Bc6 h6 11. Bxe4 hxg5 12. Nc6+ Ke8 13. Nxd8 Nxe4 14.
Nxf7 Kxf7 15. Qf3+ Nf6 16. O-O-O Bd6 17. Qc6 Nd5 18. c4 Nb4 19. Qf3+ Ke7 20. a3
Na6 21. Qb7 1-0

[Event "Titled Tue 17th Jun Late"]
[Site "chess.com INT"]
[Date "2025.06.17"]
[Round "3"]
[White "Niemann, Hans Moke"]
[Black "Lysyj, Igor"]
[Result "1-0"]
[WhiteTitle "GM"]
[BlackTitle "GM"]
[WhiteElo "2736"]
[BlackElo "2582"]
[WhiteFideId "2093596"]
[BlackFideId "4150120"]
[EventDate "2025.06.17"]

1. e4 e5 2. Nf3 Nc6 3. Bc4 Bc5 4. d3 Nf6 5. c3 d6 6. O-O h6 7. Re1 a5 8. Nbd2
O-O 9. Nf1 a4 10. Bb5 a3 11. b4 Bb6 12. Ng3 Ne7 13. d4 Ng6 14. Bd3 Bg4 15. d5 c6
16. dxc6 bxc6 17. h3 Be6 18. c4 c5 19. b5 Ba5 20. Bd2 Nf4 21. Bf1 Qc7 22. Re3
Bb4 23. Rb1 Bxd2 24. Qxd2 Nd7 25. Qc1 Nb6 26. Nd2 Qa7 27. Rbb3 Qe7 28. Rxa3 h5
29. Rxa8 Rxa8 30. Ra3 Ra7 31. Rxa7 Qxa7 32. Qb2 Qa4 33. Qb3 Qa5 34. Qc2 Bd7 35.
Nf5 Nc8 36. Nb3 Qa3 37. Qd2 Bxf5 38. exf5 d5 39. g3 1-0

[Event "Titled Tue 17th Jun Late"]
[Site "chess.com INT"]
[Date "2025.06.17"]
[Round "3"]
[White "Nayak, Rajesh"]
[Black "Linares Orellana, Hector Jose"]
[Result "1-0"]
[WhiteTitle "FM"]
[BlackTitle "FM"]
[WhiteElo "2262"]
[BlackElo "2111"]
[WhiteFideId "35017152"]
[BlackFideId "7304307"]
[EventDate "2025.06.17"]

1. d4 d5 2. Bf4 Nf6 3. Nc3 c6 4. e3 e6 5. Nf3 Bd6 6. Ne5 O-O 7. Bd3 a6 8. g4 Qc7
9. g5 Nfd7 10. Bxh7+ Kxh7 11. Qh5+ Kg8 12. g6 fxg6 13. Nxg6 Rf5 14. Qh8+ Kf7 15.
Bxd6 Qxd6 16. Nh4 Rf6 17. Qxc8 Ra7 18. f4 Nb6 19. Qh8 Nc4 20. Rg1 Qf8 21. Qh5+
Kg8 22. Ng6 Qe8 23. Qh8+ Kf7 24. Ne5+ Ke7 25. Rxg7+ Kd8 26. Rg8 Rf8 27. Rxf8 1-0

[Event "Titled Tue 17th Jun Late"]
[Site "chess.com INT"]
[Date "2025.06.17"]
[Round "3"]
[White "Uyanga, Byambaa"]
[Black "Modric, Nesa"]
[Result "0-1"]
[WhiteTitle "WFM"]
[BlackTitle "CM"]
[WhiteElo "2006"]
[BlackElo "2088"]
[WhiteFideId "2054906"]
[BlackFideId "922579"]
[EventDate "2025.06.17"]

1. e4 c6 2. d4 d5 3. e5 Bf5 4. h4 h5 5. Bg5 Qb6 6. Bd3 Bxd3 7. Qxd3 e6 8. Nc3
Ne7 9. O-O-O Nf5 10. f3 c5 11. dxc5 Bxc5 12. Nxd5 exd5 13. Qxf5 Nc6 14. Nh3 Nb4
15. a3 Na2+ 16. Kb1 Bxa3 17. b3 Nc3+ 18. Ka1 Qa5 0-1

[Event "Titled Tue 17th Jun Late"]
[Site "chess.com INT"]
[Date "2025.06.17"]
[Round "3"]
[White "Rosenbecker, Daniel"]
[Black "Hindermann, Felix"]
[Result "0-1"]
[WhiteTitle "CM"]
[BlackTitle "FM"]
[WhiteElo "2109"]
[BlackElo "2289"]
[WhiteFideId "1718959"]
[BlackFideId "1305212"]
[EventDate "2025.06.17"]

1. b3 b6 2. Bb2 Bb7 3. Nf3 e6 4. e3 f5 5. d4 Nf6 6. c4 Bb4+ 7. Nbd2 O-O 8. Be2
Qe8 9. O-O Qh5 10. Ne5 Qh4 11. g3 Qh3 12. Bf3 Nc6 13. Bg2 Qh6 14. a3 Bxd2 15.
Qxd2 Nxe5 16. dxe5 Bxg2 17. Kxg2 Ne4 18. Qxd7 Rad8 19. Qxc7 Rd2 20. Bd4 f4 21.
gxf4 Qg6+ 22. Kf3 Ng5+ 23. Kg2 Qe4+ 24. Kg3 Qf3+ 25. Kh4 Rxf4+ 26. exf4 Qxf4+
27. Kh5 g6+ 28. Kh6 Nf7# 0-1

[Event "Titled Tue 17th Jun Late"]
[Site "chess.com INT"]
[Date "2025.06.17"]
[Round "3"]
[White "Bratovic, Blaz"]
[Black "Zepeda Berlanga, Jan Enrique"]
[Result "1-0"]
[WhiteTitle "IM"]
[BlackTitle "CM"]
[WhiteElo "2319"]
[BlackElo "1984"]
[WhiteFideId "14603551"]
[BlackFideId "5132355"]
[EventDate "2025.06.17"]

1. e4 e5 2. Nf3 Nc6 3. Bc4 Bc5 4. d3 Nf6 5. a4 d6 6. Bg5 Bg4 7. h3 Bh5 8. g4 Bg6
9. Nc3 Nd4 10. Nd5 c6 11. Nxf6+ gxf6 12. Be3 Nxf3+ 13. Qxf3 Bxe3 14. fxe3 h5 15.
O-O-O Qb6 16. Qxf6 Rf8 17. Qxd6 Qxe3+ 18. Kb1 Qd4 19. Qc7 1-0

[Event "Titled Tue 17th Jun Late"]
[Site "chess.com INT"]
[Date "2025.06.17"]
[Round "3"]
[White "Bukreev, Stanislav"]
[Black "Bogaudinov, Rushan"]
[Result "1-0"]
[WhiteTitle "FM"]
[BlackTitle "FM"]
[WhiteElo "2305"]
[BlackElo "1912"]
[WhiteFideId "34252347"]
[BlackFideId "4129288"]
[EventDate "2025.06.17"]

1. d4 d5 2. c4 e6 3. Nf3 Nf6 4. Nc3 Be7 5. Bf4 O-O 6. e3 c6 7. Qc2 Nbd7 8. Rd1
b6 9. Bd3 Bb7 10. O-O Re8 11. Ne5 Nxe5 12. dxe5 Nh5 13. Bxh7+ Kh8 14. Be4 Bb4
15. Bf3 Nxf4 16. exf4 Qh4 17. g3 Qh7 18. Qb3 Bxc3 19. Qxc3 Ba6 20. b3 Red8 21.
h4 Rac8 22. Rfe1 Qg8 23. c5 Qf8 24. b4 Bc4 25. Qd4 bxc5 26. bxc5 Rb8 27. Rb1 Qe7
28. Kg2 Qc7 29. g4 Rxb1 30. Rxb1 Rb8 31. Rh1 Qa5 32. f5 Qa3 33. h5 Rb5 34. h6
Qxc5 35. hxg7+ Kxg7 36. Qf4 exf5 37. Qh6+ 1-0

[Event "Titled Tue 17th Jun Late"]
[Site "chess.com INT"]
[Date "2025.06.17"]
[Round "3"]
[White "Sitnic, Adnan"]
[Black "Zhou, Abigail"]
[Result "1-0"]
[WhiteTitle "CM"]
[BlackTitle "WCM"]
[WhiteElo "2058"]
[BlackElo "1780"]
[WhiteFideId "14403854"]
[BlackFideId "39922081"]
[EventDate "2025.06.17"]

1. e4 e6 2. d4 d5 3. Nd2 c5 4. exd5 exd5 5. Ngf3 Nc6 6. Bb5 a6 7. Bxc6+ bxc6 8.
O-O Nf6 9. Re1+ Be7 10. dxc5 O-O 11. Nb3 Re8 12. h3 a5 13. a4 Ba6 14. Nfd4 Qd7
15. Bd2 Ne4 16. Bxa5 Bxc5 17. Nxc5 Nxc5 18. Rxe8+ Rxe8 19. Bb6 Ne4 20. Nf3 Qb7
21. a5 Qd7 22. Ra3 c5 23. Re3 d4 24. Re1 Bb7 25. Nd2 Nxd2 26. Qxd2 Rxe1+ 27.
Qxe1 h6 28. f3 Qf5 29. Qe8+ Kh7 30. Qe7 Ba6 31. Qe4 Qxe4 32. fxe4 Kg6 33. Bxc5
d3 34. cxd3 Bxd3 35. e5 Kf5 36. Bd6 Ke6 37. Bb8 Ba6 38. Kf2 Kd5 39. g3 Kc4 40.
Bd6 Kb3 41. Bf8 Kxb2 42. Bxg7 Kb3 43. Bxh6 Ka4 44. Bd2 Kb5 45. Ke3 Kc6 46. Kf4
Kd5 47. Kf5 Kc6 48. Kf6 Bc4 49. h4 Be6 50. h5 Kd7 51. h6 Ke8 52. h7 Kf8 53.
h8=Q# 1-0

[Event "Titled Tue 17th Jun Late"]
[Site "chess.com INT"]
[Date "2025.06.17"]
[Round "3"]
[White "Ngo, Quang Thai"]
[Black "Haddouche, Mohamed"]
[Result "0-1"]
[WhiteTitle "FM"]
[BlackTitle "GM"]
[WhiteElo "2326"]
[BlackElo "2490"]
[WhiteFideId "12403768"]
[BlackFideId "7900660"]
[EventDate "2025.06.17"]

1. d4 Nf6 2. Bg5 g6 3. Bxf6 exf6 4. c4 d5 5. cxd5 Qxd5 6. Nc3 Qd8 7. e3 f5 8. h4
h5 9. g3 Bd6 10. Bg2 c6 11. Nge2 Nd7 12. O-O Nf6 13. Rc1 O-O 14. Qd3 Re8 15.
Rfd1 Kg7 16. d5 c5 17. Nb5 a6 18. Nxd6 Qxd6 19. Qc4 b6 20. a4 Bd7 21. b3 Rec8
22. Qf4 Ne8 23. Qxd6 Nxd6 24. Nf4 c4 25. bxc4 Bxa4 26. Rd4 Bb3 27. Bf1 a5 28.
Rc3 a4 29. Be2 Nb5 0-1

[Event "Titled Tue 17th Jun Late"]
[Site "chess.com INT"]
[Date "2025.06.17"]
[Round "3"]
[White "Ferreira, Vitor Hugo Vieira"]
[Black "Halynyazov, Vepaly"]
[Result "0-1"]
[WhiteElo "2128"]
[BlackElo "2189"]
[WhiteFideId "2119765"]
[BlackFideId "14004020"]
[EventDate "2025.06.17"]

1. e4 e6 2. d4 d5 3. e5 c5 4. c3 Qb6 5. Nf3 Nc6 6. Bd3 cxd4 7. O-O Bd7 8. h3 Bc5
9. b4 Bf8 10. b5 Na5 11. Nxd4 Rc8 12. Be3 Bc5 13. Kh1 Ne7 14. Qg4 O-O 15. Nd2
Nf5 16. Bxf5 exf5 17. Nxf5 Bxf5 18. Bxc5 Rxc5 19. Qxf5 Rxc3 20. a4 Qd4 21. Nf3
Qe4 22. Qh5 g6 23. Qh6 Rxf3 24. gxf3 Qxf3+ 25. Kg1 Re8 26. Rae1 Nc4 27. Qg5 d4
28. Qg3 Nd2 29. Qxf3 Nxf3+ 30. Kg2 Nxe1+ 31. Rxe1 Kf8 32. f4 Ke7 33. Rc1 Ke6 34.
Kf3 f5 35. exf6 Kxf6 36. Rc7 Re3+ 37. Kg4 Re7 38. Rxe7 Kxe7 39. Kf3 Kd6 40. Ke4
Kc5 41. h4 Kc4 42. h5 d3 43. f5 gxf5+ 0-1

[Event "Titled Tue 17th Jun Late"]
[Site "chess.com INT"]
[Date "2025.06.17"]
[Round "3"]
[White "Yevchenko, Oleksandr"]
[Black "Schmider, Niklas"]
[Result "0-1"]
[WhiteTitle "CM"]
[BlackTitle "IM"]
[WhiteElo "2276"]
[BlackElo "2421"]
[WhiteFideId "14108267"]
[BlackFideId "12993778"]
[EventDate "2025.06.17"]

1. c4 e6 2. e4 d5 3. exd5 exd5 4. cxd5 Nf6 5. Nc3 Nxd5 6. Bc4 Be6 7. Qb3 Nb4 8.
Bxe6 fxe6 9. Qxe6+ Qe7 10. Qxe7+ Bxe7 11. Kf1 N8c6 12. Nf3 O-O-O 13. g3 Rhf8 14.
Kg2 Nd3 15. b3 Nd4 16. Nxd4 Rxf2+ 17. Kh3 Rxd4 18. Nd1 Re2 19. Bb2 Nxb2 20. Nxb2
g5 21. g4 h5 22. Rae1 hxg4+ 23. Kg3 Bd6# 0-1